Física y técnica de la lucha contra el ruido / (Record no. 87834)

MARC details
000 -LEADER
campo de control de longitud fija 00609nam a2200181 i 4500
001 - NÚMERO DE CONTROL
campo de control 87834
003 - IDENTIFICADOR DE NÚMERO DE CONTROL
campo de control ES-MaACL
005 - FECHA Y HORA DE LA ÚLTIMA TRANSACCIÓN
campo de control 20230906175741.0
007 - CAMPO FIJO DE DESCRIPCIÓN FÍSICA--INFORMACIÓN GENERAL
campo de control de longitud fija t|
008 - DATOS DE LONGITUD FIJA--INFORMACIÓN GENERAL
campo de control de longitud fija 041223s1969 sp ||||1| spa d
100 1# - ENTRADA PRINCIPAL--NOMBRE DE PERSONA
Nombre de persona Kurtze, Guenter.
9 (RLIN) 69069
245 10 - MENCIÓN DEL TÍTULO
Título Física y técnica de la lucha contra el ruido /
Mención de responsabilidad, etc. Günter Kurtze ; traducido por Luis Lacorte Martínez ; revisado por José Baltá Elías.
260 ## - PUBLICACIÓN, DISTRIBUCIÓN, ETC.
Lugar de publicación, distribución, etc. Bilbao :
Nombre del editor, distribuidor, etc. Urmo,
Fecha de publicación, distribución, etc. [1969]
300 ## - DESCRIPCIÓN FÍSICA
Extensión 546 p. :
Otras características físicas il. ;
Dimensiones 25 cm.
700 1# - ENTRADA AGREGADA--NOMBRE PERSONAL
Nombre de persona Lacorte Martínez, Luis.
9 (RLIN) 69389
700 1# - ENTRADA AGREGADA--NOMBRE PERSONAL
Nombre de persona Baltá Elías, José.
9 (RLIN) 25118
852 ## - LOCALIZACIÓN
Ubicación ES-MaACL
Número de control de estantería C-37675
Sublocalización o colección R.72348
Holdings
Estatus retirado Estado de pérdida Estado de daño No para préstamo Biblioteca de origen Biblioteca actual Ubicación en estantería Fecha de adquisición Fuente de adquisición Total de préstamos Signatura topográfica completa Código de barras Visto por última vez Precio de reemplazo Tipo de ítem Koha
        Biblioteca del Ateneo de Madrid Biblioteca del Ateneo de Madrid Depósito 2 17/01/2008     C-37675 1091756 23/02/2023 23/02/2023 Libro impreso